000 00583nam a2200193Ii 4500
003 JO-AjNU
008 230605s9999||||xx |||||||||||||| ||und||
040 _aJO-AjNU
_bara
_erda
_cJO-AjNU
041 _aara
050 1 4 _aRC467.M85
100 3 _aفهمي ، مصطفى,
_eauthor
_939717
245 0 0 _aعلم النفس الاكلينكي
264 3 1 _aمصر:مكتبة مصر ، 1900
300 _a582ص
336 _atext
_btxt
_2rdacontent
337 _aunmediated
_bn
_2rdamedia
338 _avolume
_bnc
_2rdacarrier
650 4 _aعلم النفس الاكلينكي
_939718
999 _aA16798
_c20366
_d20366